[Event "17th Delhi GM Open 2019"]
[Site "Delhi"]
[Date "2019.01.16"]
[Round "10"]
[White "Thipsay, Praveen M"]
[Black "Deepan Chakkravarthy J."]
[Result "0-1"]
[WhiteElo "2405"]
[BlackElo "2543"]
[Annotator "TA"]
[PlyCount "78"]
[EventDate "2019.01.09"]
[EventType "swiss"]
[EventCountry "IND"]
[SourceTitle "playchess.com"]
[Source "ChessBase"]
[SourceQuality "1"]

{[%evp 11,78,-10,6,-22,-13,-28,8,-47,-34,-109,-102,-137,-112,-119,-100,-117,-117,-112,-53,-61,-62,-52,-35,-33,-37,-49,-10,-77,-57,-58,-62,-77,-79,-105,-103,-148,-70,-158,-66,-60,26,-160,-164,-141,-163,-150,-8,-16,-27,-36,-25,-49,0,-231,-226,-247,-237,-304,-309,-407,-395,-676,-686,-687,-676,-636,-634,-568,-364]} 1. e4 g6 2. d4 Bg7 3. Nc3 a6 4. Nf3 d6 5. h3 b5 6. Be3 {B06: Modern Defence} (6. Bd3 Bb7 7. a4 b4 8. Ne2 Nd7 9. O-O Ngf6 10. Ng3 c5 11. c3 O-O 12. Be3 a5 13. Qd2 c4 {½-½ (21) Atabayev,M (2488)-Wei,Y (2748) Ashkhabad 2017}) 6... Nd7 {LiveBook: 9 Games} 7. d5 Bb7 8. Nd4 {The position is equal.} Ngf6 9. Bd3 (9. f3 $11) 9... O-O $146 ({Predecessor:} 9... Nc5 10. b4 Nxd3+ 11. Qxd3 Qd7 12. O-O c5 13. dxc6 Bxc6 14. Nxc6 Qxc6 {½-½ (21) Salinas Tomas,D (1524)-Farell Duran,J (1467) Sabadell 2018}) 10. f4 ({White should try} 10. b4 $15) 10... Nc5 11. b4 {[#]} Ncxe4 $1 {[%mdl 576] Remove Defender} 12. Bxe4 ({But not} 12. Nxe4 $2 Nxd5 13. Bf2 Nxf4 $19) 12... Nxe4 13. Nxe4 Bxd5 14. Ng5 c5 (14... e5 $17 15. O-O exd4 16. Bxd4 c6 17. Bxg7 Kxg7 18. Qd4+ Kg8) 15. Nf5 $1 gxf5 ({Weaker is} 15... Bxg2 16. Rg1 $16) 16. Qxd5 {[%mdl 64] Double Attack} h6 17. Qxf5 {[%csl Gg5][%cal Rf5h7]} hxg5 18. Qxg5 e5 $36 {[%mdl 2048] And now ...exf4 would win. Black has the initiative.} (18... cxb4 {is interesting.} 19. O-O f5 20. Rad1 Rc8 21. Rf3 e6) 19. Qxd8 (19. Rd1 $11) 19... Rfxd8 $17 20. O-O-O cxb4 21. Rd5 Rac8 22. Kb1 Rc4 23. f5 {[#]} e4 (23... Bf8 $1 $17 24. g4 f6) 24. Bg5 {[#]} (24. Rhd1 $1 $15) 24... Rdc8 (24... Re8 $1 $17 25. f6 Bf8) 25. f6 $15 R8c5 (25... Bh8 $15 26. Rxd6 Rxc2) 26. Rhd1 $2 (26. Rxc5 $11 Rxc5 27. Be3) 26... Bf8 $17 ({Inferior is} 26... Rxc2 27. fxg7 Kxg7 28. Rxd6 $16) 27. Be3 Rxd5 28. Rxd5 {[%mdl 4096] Endgame KRB-KRB} Kh7 ({Better is} 28... Rc3 $17 29. Bd2 Rg3) 29. Rh5+ $11 Kg6 {[%mdl 64] Double Attack} 30. Rh8 Rc8 31. Bd4 $1 Re8 32. Be3 $2 (32. h4 $11 {and White stays safe.}) 32... Kxf6 $19 33. Kc1 Kg7 34. Bd4+ f6 35. Rh5 Kg6 36. g4 $2 (36. Rd5 Bh6+ 37. Kd1) 36... e3 {[%cal Be4e3,Be3e2][%mdl 32] Black is clearly winning.} 37. Kd1 e2+ 38. Ke1 Bh6 {( -> ...Bd2+!)} 39. Bf2 Bc1 {Accuracy: White = 28%, Black = 40%.} 0-1

[Event "17th Delhi GM Open 2019"]
[Site "Delhi"]
[Date "2019.01.16"]
[Round "10"]
[White "Sammed Jaykumar, Shete"]
[Black "Ziatdinov, Raset"]
[Result "1-0"]
[WhiteElo "2395"]
[BlackElo "2248"]
[Annotator "NA"]
[PlyCount "113"]
[EventDate "2019.01.09"]
[EventType "swiss"]
[EventCountry "IND"]
[SourceTitle "playchess.com"]
[Source "ChessBase"]
[SourceQuality "1"]
[TimeControl "5400+30"]

1. e4 {[%emt 0:00:00]} e5 {[%emt 0:00:00]} 2. Nf3 {[%emt 0:00:00]} Nc6 {[%emt 0:00:00]} 3. Bc4 {[%emt 0:00:00]} Nf6 {[%emt 0:00:00]} 4. d3 {[%emt 0:00:00]} Bc5 {[%emt 0:00:31]} 5. c3 {[%emt 0:00:00]} O-O {[%emt 0:00:14]} 6. Bb3 {[%emt 0:00:35]} d6 {[%emt 0:01:01]} 7. h3 {[%emt 0:02:07] C54: Giuoco Piano: 4 c3 Nf6, main lines with 5 d4 and 5 d3} Be6 {[%emt 0:00:34]} (7... a6 8. Nbd2 Be6 9. Bc2 d5 10. Qe2 h6 11. g4 Nh7 12. Rg1 d4 13. Nb3 Be7 14. Nxe5 Nxe5 15. Nxd4 c5 16. Nf5 Kh8 {1-0 (35) Duda,J (2678)-Eljanov,P (2741) Germany 2017}) 8. Bc2 {[%emt 0:00:11]} d5 {[%emt 0:00:33]} 9. Nbd2 {[%emt 0:01:03]} d4 $146 {[%emt 0:01:06]} ({Predecessor:} 9... b5 10. Qe2 d4 11. cxd4 Bxd4 12. a3 Qd6 13. Nb3 Bb6 14. Be3 Rad8 {0-1 (22) Chaithanyaa,K (2061)-Ziatdinov,R (2354) New Delhi 2013}) 10. O-O {[%emt 0:04:02]} b5 {[%emt 0:01:07]} 11. Nb3 {[%emt 0:00:51]} Bb6 {[%emt 0:01:18]} 12. cxd4 {[%emt 0:01:36]} Bxb3 {[%emt 0:01:42]} 13. dxe5 {[%emt 0:09:40]} Bxc2 {[%emt 0:17:43]} 14. Qxc2 {[%emt 0:00:46]} Nb4 {[%emt 0:00:08]} 15. Qb3 {[%emt 0:01:12]} Qxd3 {[%emt 0:03:22]} 16. exf6 {[%emt 0:12:09]} Qxb3 {[%emt 0:00:15]} 17. axb3 {[%emt 0:00:08]} gxf6 {[%emt 0:00:14]} 18. Bd2 {[%emt 0:02:30]} Nd3 {[%emt 0:03:26]} 19. Bc3 {[%emt 0:00:08]} Rfe8 {[%emt 0:01:11]} 20. Rad1 {[%emt 0:01:33]} Nc5 {[%emt 0:02:04]} 21. Bxf6 {[%emt 0:04:53]} Nxe4 {[%emt 0:02:44]} 22. Bh4 {[%emt 0:00:51]} f6 {[%emt 0:06:17]} 23. Nd4 {[%emt 0:01:30]} Re5 {[%emt 0:08:16]} 24. g4 {[%emt 0:01:41]} Rae8 {[%emt 0:02:01]} 25. Nf5 {[%emt 0:03:21]} Ng5 {[%emt 0:10:03]} 26. Kg2 {[%emt 0:01:58]} R5e6 {[%emt 0:00:56]} 27. Rd5 {[%emt 0:04:10]} c6 {[%emt 0:03:42]} 28. Rd7 {[%emt 0:01:20]} Nf7 {[%emt 0:01:20]} 29. Rfd1 {[%emt 0:05:15]} Rd8 {[%emt 0:05:13]} 30. Nh6+ {[%emt 0:02:25]} Nxh6 {[%emt 0:00:10]} 31. Rxd8+ {[%emt 0:00:03]} Bxd8 $16 {[%emt 0:00:10]} 32. Rxd8+ {[%emt 0:00:04]} Kf7 {[%emt 0:00:24]} 33. Ra8 {[%emt 0:00:04]} Kg6 {[%emt 0:12:15]} 34. Rxa7 {[%emt 0:00:40]} f5 {[%emt 0:00:07]} 35. Kg3 {[%emt 0:01:17]} fxg4 {[%emt 0:02:52]} 36. hxg4 {[%emt 0:00:21]} Nf7 {[%emt 0:02:05]} 37. Rc7 {[%emt 0:03:54]} Nd6 {[%emt 0:02:14]} 38. f3 {[%emt 0:04:26]} h5 {[%emt 0:00:31]} 39. Re7 {[%emt 0:04:01]} Rxe7 {[%emt 0:00:39]} 40. Bxe7 {[%emt 0:00:10]} Ne8 {[%emt 0:01:06]} 41. gxh5+ {[%emt 0:00:45]} Kxh5 {[%emt 0:00:02]} 42. Kf4 {[%emt 0:00:16]} Kg6 {[%emt 0:00:27]} 43. Ke5 {[%emt 0:00:21]} Ng7 {[%emt 0:01:29]} 44. Bc5 {[%emt 0:02:52]} Nf5 {[%emt 0:00:27]} 45. f4 {[%emt 0:04:25]} Nh4 {[%emt 0:01:19]} 46. Ke6 {[%emt 0:01:07]} Nf5 {[%emt 0:01:09]} 47. b4 {[%emt 0:00:35]} Ng3 {[%emt 0:00:52]} 48. Kd7 {[%emt 0:01:08]} Ne2 {[%emt 0:00:27]} 49. Bd6 {[%emt 0:01:32]} Nd4 {[%emt 0:00:19]} 50. Be5 {[%emt 0:00:04]} Nc2 {[%emt 0:00:16]} 51. Kxc6 {[%emt 0:00:15]} Nxb4+ {[%emt 0:00:12]} 52. Kxb5 {[%emt 0:00:05]} Nd5 {[%emt 0:01:10]} 53. Kc5 {[%emt 0:00:10]} Ne7 54. b4 {[%emt 0:00:07]} Kf5 {[%emt 0:00:24]} 55. b5 {[%emt 0:00:26]} Ke6 {[%emt 0:00:04]} 56. b6 {[%emt 0:00:06]} Kd7 {[%emt 0:00:21]} 57. b7 {[%emt 0:00:04]} 1-0

[Event "17th Delhi GM Open 2019"]
[Site "Delhi"]
[Date "2019.01.16"]
[Round "10"]
[White "Koustav Chatterjee"]
[Black "Kurbonboeva, Sarvinoz"]
[Result "1/2-1/2"]
[WhiteElo "2346"]
[BlackElo "2214"]
[Annotator "NA"]
[PlyCount "120"]
[EventDate "2019.01.09"]
[EventType "swiss"]
[EventCountry "IND"]
[SourceTitle "playchess.com"]
[Source "ChessBase"]
[SourceQuality "1"]
[TimeControl "5400+30"]

1. d4 {[%emt 0:00:00]} Nf6 {[%emt 0:00:00]} 2. c4 {[%emt 0:00:00]} g6 {[%emt 0:00:00]} 3. g3 {[%emt 0:00:00]} c6 {[%emt 0:01:57]} 4. Bg2 {[%emt 0:00:24]} d5 {[%emt 0:00:23]} 5. Qa4 {[%emt 0:00:15]} Nbd7 {[%emt 0:06:04]} 6. cxd5 {[%emt 0:00:38]} Nb6 {[%emt 0:00:15]} 7. Qb3 {[%emt 0:00:38]} cxd5 {[%emt 0:00:25]} 8. Nc3 {[%emt 0:00:16]} Bg7 {[%emt 0:01:54]} 9. Nf3 {[%emt 0:03:56]} O-O {[%emt 0:04:27]} 10. O-O {[%emt 0:05:10]} Ne4 {[%emt 0:07:25] D78: Fianchetto Grünfeld: 6 0-0 c6} 11. Bf4 {[%emt 0:04:35]} Nxc3 {[%emt 0:25:32]} 12. Qxc3 {[%emt 0:25:34]} Nc4 $146 {[%emt 0:00:24]} ({Predecessor:} 12... Bg4 13. Rac1 Qd7 14. Ne5 Bxe5 15. dxe5 Rfc8 16. Qb4 Rxc1 17. Rxc1 Rc8 18. Qa5 Rxc1+ 19. Bxc1 {1-0 (30) Van Wely,L (2664)-Dranov,A (2443) Germany 2015}) 13. Rac1 {[%emt 0:01:23]} Nb6 {[%emt 0:00:00]} 14. Ra1 {[%emt 0:00:00]} Nc4 {[%emt 0:01:00]} 15. Rac1 {[%emt 0:01:00]} Bf5 {[%emt 0:05:00]} 16. b3 {[%emt 0:05:43]} Nd6 {[%emt 0:00:24]} 17. Qb4 {[%emt 0:01:19]} a5 {[%emt 0:10:18]} 18. Qa3 {[%emt 0:05:34]} Be4 {[%emt 0:03:41]} 19. Bxd6 {[%emt 0:02:27]} Qxd6 {[%emt 0:00:06]} 20. Qxd6 {[%emt 0:00:36]} exd6 {[%emt 0:00:04]} 21. e3 {[%emt 0:01:03]} Rfc8 {[%emt 0:01:08]} 22. Ng5 {[%emt 0:02:49]} Bxg2 {[%emt 0:03:00]} 23. Kxg2 {[%emt 0:00:43]} Rc6 {[%emt 0:00:11]} 24. Rxc6 $14 {[%emt 0:06:42]} bxc6 {[%emt 0:00:27]} 25. Rc1 {[%emt 0:00:04]} Rc8 {[%emt 0:02:08]} 26. h4 {[%emt 0:00:29]} h5 {[%emt 0:02:49]} 27. Kf3 {[%emt 0:05:16]} Bh6 {[%emt 0:01:16]} 28. Nh3 {[%emt 0:00:07]} Kf8 {[%emt 0:00:08]} 29. g4 {[%emt 0:01:16]} hxg4+ {[%emt 0:00:32]} 30. Kxg4 {[%emt 0:00:05]} Ke7 {[%emt 0:00:39]} 31. Ng1 {[%emt 0:05:23]} Kd7 {[%emt 0:01:50]} 32. Ne2 {[%emt 0:00:12]} c5 {[%emt 0:02:40]} 33. dxc5 {[%emt 0:01:43]} dxc5 {[%emt 0:00:41]} 34. Nc3 {[%emt 0:00:17]} Ke6 {[%emt 0:01:02]} 35. Na4 {[%emt 0:01:32]} Bf8 {[%emt 0:00:09]} 36. Kf3 {[%emt 0:01:32]} Be7 {[%emt 0:00:47]} 37. e4 {[%emt 0:00:45]} dxe4+ {[%emt 0:05:55]} 38. Kxe4 {[%emt 0:00:06]} f5+ {[%emt 0:00:03]} 39. Kf3 {[%emt 0:00:34]} Rc6 {[%emt 0:03:17]} 40. Rc4 {[%emt 0:00:18]} Ke5 {[%emt 0:00:31]} 41. Nb2 {[%emt 0:01:28]} Kd5 {[%emt 0:06:22]} 42. Ra4 {[%emt 0:00:37]} Bd8 {[%emt 0:00:16]} 43. Nc4 {[%emt 0:00:43]} Re6 {[%emt 0:00:50]} 44. Ne3+ {[%emt 0:01:46]} Kc6 {[%emt 0:00:07]} 45. h5 {[%emt 0:02:04]} gxh5 {[%emt 0:01:09]} 46. Nxf5 {[%emt 0:00:07]} Re8 {[%emt 0:01:46]} 47. Ng7 {[%emt 0:02:58]} Re5 48. Re4 {[%emt 0:02:11]} Rxe4 {[%emt 0:01:41]} 49. Kxe4 {[%emt 0:00:06]} h4 {[%emt 0:00:06]} 50. f4 {[%emt 0:05:33]} Kb5 {[%emt 0:02:26]} 51. Ne6 {[%emt 0:01:46]} Be7 {[%emt 0:00:01]} 52. Nc7+ {[%emt 0:00:06]} Kc6 {[%emt 0:00:03]} 53. Nd5 {[%emt 0:00:05]} Bd8 {[%emt 0:00:02]} 54. Ne3 {[%emt 0:00:35]} Kb5 {[%emt 0:00:47]} 55. f5 {[%emt 0:00:56]} a4 {[%emt 0:00:56]} 56. Nd5 {[%emt 0:00:19]} axb3 {[%emt 0:00:41]} 57. axb3 {[%emt 0:00:04]} c4 {[%emt 0:00:08]} 58. bxc4+ {[%emt 0:00:18]} Kxc4 {[%emt 0:00:04]} 59. Nf4 {[%emt 0:00:31]} Bf6 {[%emt 0:00:46]} 60. Nh3 {[%emt 0:01:05]} Kc5 {[%emt 0:00:24]} 1/2-1/2

[Event "17th Delhi GM Open 2019"]
[Site "Delhi"]
[Date "2019.01.16"]
[Round "10"]
[White "Kathmale, Sameer"]
[Black "Ghaem Maghami, Ehsan"]
[Result "0-1"]
[WhiteElo "2312"]
[BlackElo "2533"]
[Annotator "TA"]
[PlyCount "76"]
[EventDate "2019.01.09"]
[EventType "swiss"]
[EventCountry "IND"]
[SourceTitle "playchess.com"]
[Source "ChessBase"]
[SourceQuality "1"]

{[%evp 13,76,14,25,11,28,22,29,20,29,26,9,-2,0,0,33,0,0,-16,-20,-13,0,-39,-35,-71,-60,-74,-71,-82,-43,-43,-39,-104,-58,-149,-151,-150,-150,-135,-142,-208,-191,-179,-179,-175,-175,-170,-168,-283,-289,-864,-828,-808,-519,-12840,-6284,-29990,-29990,-29991,-29992,-29992,-29979,-29992,-6520,-29993,-5212]} 1. e4 c5 2. c3 $146 (2. Nf3 e6 3. c3 d5 4. exd5 Qxd5 5. d4 {0-1 (50) Savchenko,B (2602)-Ghaem Maghami,E (2540) Hamedan 2017}) ({Predecessor:} 2. Nf3 e6 3. c3 d5 4. exd5 Qxd5 5. Na3 a6 6. Nc4 Nd7 7. a4 Ngf6 8. Be2 b6 9. O-O Bb7 {½-½ (41) Schneider,I (2392)-Thimm,T (2174) Bad Zwischenahn 2006}) 2... d5 3. exd5 Qxd5 4. d4 Nf6 5. Nf3 e6 6. Na3 a6 7. Nc4 Nbd7 8. a4 {B22: Sicilian: 2 c3} b6 9. Be2 Bb7 10. O-O {White has an edge.} Be7 (10... cxd4 11. Qxd4 Bc5 12. Qf4 O-O 13. Rd1 Qc6 14. Qh4 Rfd8 15. Bf4 Nf8 16. Rxd8 Rxd8 {0-1 (50) Savchenko,B (2602)-Ghaem Maghami,E (2540) Hamedan 2017}) 11. dxc5 Qxc5 ({Predecessor:} 11... Bxc5 12. Bf4 O-O {½-½ (41) Schneider,I (2392)-Thimm,T (2174) Bad Zwischenahn 2006}) 12. Qd4 Qc6 13. Bf4 Bc5 14. Qd3 (14. Qd2 {seems wilder.} O-O 15. b4 Be7 16. Rfd1 Rfd8 17. Qe1) 14... O-O 15. Qc2 Nh5 16. Be3 Bxe3 17. fxe3 (17. Nxe3 {is interesting.} Nf4 18. Nd4 Qc7 19. Bf3 Rfd8 20. Bxb7 Qxb7 21. Ne2) 17... Nhf6 18. Rad1 Qc7 19. Rd4 Rad8 20. Rh4 h6 21. Nd4 Qc5 22. Bf3 ({Better is} 22. Bd3 $15) 22... Nd5 ({Reject} 22... Qxc4 23. Bxb7 Ne5 24. Bf3 $11) 23. Qf2 (23. Qd3 $15) 23... Qxc4 $17 24. Nxe6 {[#]} Qxf1+ $1 {[%mdl 512]} 25. Qxf1 fxe6 26. c4 (26. Qc1 $17) 26... Nxe3 27. Qe2 Ne5 28. Qxe3 Nxf3+ ({Resist} 28... Rxf3 29. gxf3 Nxf3+ 30. Kf2 $17) 29. gxf3 {aiming for Rf4.} Rd1+ 30. Kg2 (30. Kf2 $142 Rxf3+ 31. Qxf3 Bxf3 32. Kxf3) 30... Rxf3 $19 31. Qxe6+ $2 (31. Qxf3 Rd2+ 32. Kg3 Bxf3 33. Kxf3) 31... Rf7+ 32. Re4 Re1 {[%mdl 64] [#] Pin} 33. Qe8+ (33. Qc8+ $142 Bxc8 34. Rxe1) 33... Rf8 34. Qe6+ Kh8 35. Qxb6 Bxe4+ 36. Kg3 Re2 37. Qd6 Rg2+ (37... Rf3+ $142 38. Kg4 Rg2+ 39. Qg3 Rfxg3+ 40. Kf4 Rg4+ 41. Ke5 Rxh2 42. Kd4 h5 43. b3 h4 44. Kc5 h3 45. Kb6 Rc2 46. Ka7 h2 47. Kb8 h1=Q 48. Kc7 Ba8 49. Kd8 Rd4+ 50. Ke8 Qe4+ 51. Kf8 Rf2#) 38. Kh4 Rf4+ {Accuracy: White = 26%, Black = 76%.} (38... Rf3 $142 39. Qd8+ Kh7 40. Qd7 Bf5 41. Qxf5+ Rxf5 42. Kh3 Rg1 43. Kh4 Kg6 44. Kh3 Rh5#) 0-1

[Event "17th Delhi GM Open 2019"]
[Site "Delhi"]
[Date "2019.01.16"]
[Round "10"]
[White "Sharma, Dinesh K."]
[Black "Aleksandrov, Aleksej"]
[Result "0-1"]
[WhiteElo "2303"]
[BlackElo "2582"]
[Annotator "TA"]
[PlyCount "68"]
[EventDate "2019.01.09"]
[EventType "swiss"]
[EventCountry "IND"]
[SourceTitle "playchess.com"]
[Source "ChessBase"]
[SourceQuality "1"]

{[%evp 25,68,29,28,0,0,-52,1,-35,-35,-76,-82,-90,-67,-196,-121,-310,-298,-290,-305,-277,-300,-291,-268,-265,-251,-267,-273,-257,-201,-247,1690,-305,1677,-225,-192,-444,1629,-227,0,-370,1541,-230,0,-228,-196]} 1. e4 e5 2. Nf3 Nc6 3. d4 exd4 4. Nxd4 Nf6 {[%cal Bg8f6,Bf6d5,Bd5b6][%mdl 32]} 5. Nxc6 bxc6 6. e5 Qe7 7. Qe2 Nd5 8. c4 Nb6 9. Nc3 Bb7 {C45: Scotch Game} 10. Bd2 O-O-O 11. O-O-O g6 (11... Re8 12. Re1 Qb4 13. Kb1 Ba6 14. Nd5 Qa4 15. Nxb6+ axb6 16. g3 f6 17. f4 fxe5 18. fxe5 {0-1 (38) Saric,I (2689)-Almasi,Z (2699) Rio Achaea 2018}) 12. h4 h6 {[%cal Bh7h6,Bh6h5][%mdl 32]} 13. f4 Bg7 {LiveBook: 3 Games} 14. Qg4 $146 ({Predecessor:} 14. Rh3 f6 15. Rg3 fxe5 16. Rxg6 h5 17. f5 Qf7 18. c5 Nd5 19. Nxd5 cxd5 20. Qb5 Rde8 {0-1 (20) Odeev,H (2397)-Chernobay,A (2488) Moscow 2017}) 14... h5 15. Qh3 (15. Qg5 $11 Qc5 16. e6 Qxg5 17. exd7+ Rxd7 18. fxg5) 15... Kb8 $15 16. Be2 d5 17. exd6 Qxd6 {White must now prevent ...Qb4.} 18. f5 Qb4 $36 {[%mdl 2048] Strongly threatening ...Bc8. Black is more active.} 19. f6 {[#]} (19. a3 $15 Qb3 20. Bg5) 19... Rxd2 $1 {[%mdl 512]} 20. Kxd2 $2 (20. Rxd2 $17 {is the only way for White.} Bh6 21. Qd3) 20... Qxb2+ $19 21. Ke1 Bxf6 22. Ne4 Re8 23. Qd3 c5 24. Nxf6 Qxf6 25. Rf1 Qxh4+ 26. g3 Qe7 27. Rf2 Qf6 $4 {[%mdl 8192] [#]} (27... Qe6 $19 28. Kd2 Be4) 28. Rf1 $4 {[%mdl 8192]} (28. Rxf6 $18 Bc8 29. Kf2) 28... Qh4 $4 {[%mdl 8192]} (28... Qe6 $19 29. Rc1 Qh3) 29. Rf2 $4 {[%mdl 8192]} (29. gxh4 $18 f5 30. Qg3) 29... Qe7 30. Rf1 $2 (30. Kf1) 30... Qh4 $4 {[%mdl 8192]} (30... h4 $19 31. Rf2 hxg3 32. Qxg3 Nxc4) 31. Rf2 $4 {[%mdl 8192]} (31. gxh4 $18 Be4 32. Qe3) 31... Qe7 (31... Qh3 $142 32. Kd2 f5) 32. Rf1 $1 Qh4 $4 {[%mdl 8192]} (32... h4 $19 33. Rf2 hxg3 34. Qxg3 Nxc4) 33. Rf2 $4 {[%mdl 8192]} (33. gxh4 $18 {was the only winning move.} Be4 34. Qe3) 33... Qe7 $2 (33... Qh3 $19 {aiming for ...h4.} 34. Kd2 Re4) 34. Qb3 $2 (34. Rf1 $1 $11 Ba6 35. Rf2) 34... f5 {Accuracy: White = 18%, Black = 26%.} 0-1

[Event "17th Delhi GM Open 2019"]
[Site "Delhi"]
[Date "2019.01.16"]
[Round "10"]
[White "Neelash Saha"]
[Black "Vignesh N R"]
[Result "*"]
[WhiteElo "2300"]
[BlackElo "2461"]
[Annotator "TA"]
[PlyCount "37"]
[EventDate "2019.01.09"]
[EventType "swiss"]
[EventCountry "IND"]
[SourceTitle "playchess.com"]
[Source "ChessBase"]
[SourceQuality "1"]

{[%evp 23,37,70,64,0,18,25,32,-225,-217,-223,-217,-196,-214,-204,-208,-201]} 1. d4 Nf6 2. c4 g6 3. Nc3 Bg7 4. e4 d6 5. h3 O-O 6. Be3 Na6 7. Nf3 e5 8. d5 Nh5 9. g3 {E90: King's Indian: Classical: Early deviations and 6 h3} Qe8 10. Nh4 f5 11. exf5 gxf5 12. Be2 Nf6 {[%cal Bh5f6,Bf6e4,Be4c3][%mdl 32] LiveBook: 23 Games} 13. Qb1 $146 (13. Rg1 $14) ({Predecessor:} 13. Qd2 Nc5 14. O-O-O a6 15. g4 b5 16. cxb5 axb5 17. Bxc5 dxc5 18. Bxb5 {½-½ (23) Khairullin,I (2630)-Mamedov,R (2658) Moscow 2015}) 13... f4 14. gxf4 exf4 15. Bxf4 $2 {[%mdl 8192]} (15. Bd4 $14 {is the one way to stay ahead.}) 15... Ne4 $1 $19 {[%mdl 64] [#] Discovered Attack. Black is clearly better.} 16. Be3 Nxc3 17. bxc3 Qe7 18. Nf3 Bxc3+ 19. Kd1 *

[Event "17th Delhi GM Open 2019"]
[Site "Delhi"]
[Date "2019.01.16"]
[Round "10"]
[White "Pranav Vijay"]
[Black "Karthik Venkataraman"]
[Result "1-0"]
[WhiteElo "2265"]
[BlackElo "2515"]
[Annotator "TA"]
[PlyCount "45"]
[EventDate "2019.01.09"]
[EventType "swiss"]
[EventCountry "IND"]
[SourceTitle "playchess.com"]
[Source "ChessBase"]
[SourceQuality "1"]

{[%evp 9,45,53,62,54,57,61,65,37,52,50,95,69,109,102,107,114,96,110,137,149,150,166,188,182,303,299,283,283,214,199,463,424,29989,29990,29990,29991,29991,29992]} 1. e4 Nc6 2. d4 e5 3. dxe5 Nxe5 4. Nf3 Nxf3+ 5. Qxf3 Qf6 {LiveBook: 27 Games} 6. Nc3 {B00: Queen's Fianchetto Defence, Nimzowitsch Defence} Bb4 7. Bd2 d6 $146 ({Predecessor:} 7... Qxf3 8. gxf3 Ne7 9. Rg1 g6 10. O-O-O a6 11. Nd5 Nxd5 12. exd5 Bxd2+ 13. Rxd2 d6 {0-1 (29) Pulvett Marin,D (2340)-Tazbir,M (2513) Cappelle-la-Grande 2012}) 8. O-O-O {White is slightly better.} (8. Qd3 {with more complications.} Ne7 9. O-O-O Bd7 10. f4 O-O-O 11. Be2) 8... Be6 9. Qe2 a6 10. Kb1 Qd8 11. f4 $36 {[%cal Bf2f4,Bf4f5][%mdl 2080] Keeping Black busy.} Nf6 12. f5 Bd7 13. g4 {[%cal Bg2g4,Bg4g5][%mdl 32] Strongly threatening e5.} Bc6 14. e5 $1 {[%cal Re5f6]} dxe5 15. Bg2 $1 O-O {[#]} 16. g5 $1 {Black must now prevent Bxc6.} Nd7 (16... Bxg2 $142 17. Qxg2 Ne8) 17. Bxc6 $18 bxc6 18. Ne4 Bxd2 19. Rxd2 ({Don't do} 19. Qxd2 $6 Nb6 $16) 19... Qc8 $2 (19... Qe7 20. f6 Qe6) 20. Qh5 Nb6 {[#]} (20... Kh8 $18 21. Rd3 Nc5) 21. Nf6+ $1 {[%mdl 512] White mates.} gxf6 22. gxf6 Kh8 {[#]} 23. Rd3 $1 {Precision: White = 90%, Black = 26%.} 1-0

[Event "17th Delhi GM Open 2019"]
[Site "Delhi"]
[Date "2019.01.16"]
[Round "10"]
[White "Gajwa Ankit"]
[Black "Shyaamnikhil P"]
[Result "*"]
[WhiteElo "2263"]
[BlackElo "2446"]
[Annotator "TA"]
[PlyCount "47"]
[EventDate "2019.01.09"]
[EventType "swiss"]
[EventCountry "IND"]
[SourceTitle "playchess.com"]
[Source "ChessBase"]
[SourceQuality "1"]

{[%evp 17,47,55,75,20,20,18,12,37,23,9,139,113,641,0,64,0,201,28,688,-172,26,0,685,-264,15,0,679,-227,22,0,281,270]} 1. e4 c5 2. Nf3 e6 3. d4 cxd4 4. Nxd4 a6 5. Nc3 b5 6. Bd3 Bb7 7. O-O Qb6 {B43: Sicilian: Kan Variation: 5 Nc3} 8. Nf3 Qc7 9. Re1 Bc5 {LiveBook: 38 Games. White is slightly better.} (9... Be7 10. Qd2 Nf6 11. Qg5 Kf8 12. Bf4 Qd8 13. e5 Nd5 14. Qg3 Nxf4 15. Qxf4 Bxf3 16. Qxf3 {½-½ (29) Grischuk,A (2772)-Khismatullin,D (2632) Riadh 2017}) 10. Bd2 (10. Qd2 $16) 10... Nc6 $11 11. e5 f5 $1 12. exf6 Nxf6 13. Ne4 {[#]} Be7 $146 {[#]} (13... Nxe4 $11 14. Bxe4 O-O) ({Predecessor:} 13... Nxe4 14. Rxe4 O-O 15. Be3 Bxe3 16. Rxe3 Qf4 {½-½ (51) Soltanici,R (2396)-Vazquez Igarza,R (2573) Benasque 2017}) 14. Nfg5 $1 $16 {Black must now prevent Nxf6+.} Bc5 $2 {[%mdl 8192]} (14... Nd5 $16) 15. Nf3 $2 (15. Nxf6+ $18 gxf6 16. Qh5+ Kd8 17. Nf7+ Ke7 18. Nxh8 (18. Qxc5+ Kxf7 19. a4 Rag8 $18) 18... Bxf2+ 19. Kxf2 Rxh8 20. Qh6) 15... Be7 $14 16. Nfg5 (16. a4 $14) 16... g6 $2 (16... Bc5 $1 $11) 17. Nf3 $2 ({White should play} 17. Nxf6+ $18 Bxf6 18. Qf3 Bxg5 19. Bxg5) 17... Bc5 $2 {[%mdl 8192] [#]} (17... O-O $11) 18. Nc3 $4 {[%mdl 8192]} (18. Nxf6+ $18 {and all is fine.} Kd8 19. Bc3) 18... Be7 $2 ({Black should try} 18... O-O $19 19. h3 Nb4) 19. Ne4 $2 {[%mdl 8192]} (19. Bh6 $11) 19... Bc5 $18 20. Nc3 $4 {[%mdl 8192]} (20. Nxf6+ $18 Kd8 21. Bc3) 20... Be7 $2 (20... O-O $19 {Threatens to win with ...Ng4.} 21. Ne4 Nxe4 22. Rxe4 Ne7) 21. Ne4 $2 {[%mdl 8192]} (21. a4 $11) 21... Bc5 22. Nc3 $4 {[%mdl 8192]} (22. Nxf6+ $18 {avoids the disaster.} Kd8 23. Bc3) 22... Be7 $2 (22... O-O $19 {And now ...Ng4 would win.} 23. Ne4 Nxe4 24. Rxe4 Ne7) 23. Ne4 g5 $2 {[%mdl 8192]} (23... Bc5 $11 {and Black stays safe.}) 24. Nfxg5 {Precision: White = 24%, Black = 26%.} *